Physical metallurgy for engineers (Record no. 12230)

000 -LEADER
fixed length control field 00473nam a22001697a 4500
008 - FIXED-LENGTH DATA ELEMENTS--GENERAL INFORMATION
fixed length control field 210125b ||||| |||| 00| 0 eng d
082 00 - DEWEY DECIMAL CLASSIFICATION NUMBER
Classification number 669.94
Item number C5921
100 ## - MAIN ENTRY--PERSONAL NAME
9 (RLIN) 4411
Personal name Clark, Donald S.
245 10 - TITLE STATEMENT
Title Physical metallurgy for engineers
250 ## - EDITION STATEMENT
Edition statement 2nd ed.
260 ## - PUBLICATION, DISTRIBUTION, ETC. (IMPRINT)
Place of publication, distribution, etc Princeton
Name of publisher, distributor, etc D. Van Nostrand Company
Date of publication, distribution, etc 1963
300 ## - PHYSICAL DESCRIPTION
Extent xv,629 p.
365 ## - TRADE PRICE
Unit of pricing 14.50
650 #0 - SUBJECT ADDED ENTRY--TOPICAL TERM
Topical term or geographic name as entry element Physical Metallurgy
700 ## - ADDED ENTRY--PERSONAL NAME
9 (RLIN) 4412
Personal name Varney, Wilbur R.
942 ## - ADDED ENTRY ELEMENTS (KOHA)
Item type Books
Holdings
Withdrawn status Lost status Source of classification or shelving scheme Damaged status Not for loan Permanent location Current location Date acquired Source of acquisition Full call number Barcode Date last seen Koha item type
          IMU Kolkata IMU Kolkata 1971-01-05 Eastern book mart 669.94 C5921 03531 2021-01-25 Books
          IMU Kolkata IMU Kolkata 1971-01-05 Eastern book mart 669.94 C5921 03532 2021-01-25 Books
Designed and Maintained by IMU-KC Library, Kolkata Campus © Copyright All Rights Reserved

webs counters

Powered by Koha